=LDR 00000nam 2200000 4500 =001 INLIS000000000012319 =005 20130612103843 =008 ***********************************Ind** =035 ##$$0010-061300000012319 =041 ##$$a Ind =082 ##$$a 658.827 =090 ##$$a 658.827, Lip d =100 ##$$a Lip, Evelyn =245 ##$$a Desain dan tengshui logo, Merek dagang dan Singnboards, Evelyn Lip ; alih bahasa sindhi diah savira =260 ##$$a 1996 $b Jakarta =300 ##$$a xv, 123 hlm., Ilus, 22 cm =650 ##$$a Merek dangang =700 ##$$a Savira, Sindhi Diah =850 ##$$a NBPNMAT